000 00664nam a22002537a 4500
001 BS2023000544
003 BR-BrBNA
005 20231206125121.0
008 231206b bl.||||| |||| 00| 0 por d
020 _a978-85-7722-030-4
040 _aBR-BrBNA
_bpor
041 _apor
072 _aB59
100 _4aut.
_aGasparetto, Zibia
245 _aVencendo o passado /
_cZibia Gasparetto
260 _aSão Paulo, SP :
_bCentro de Estudos Vida & Consciência,
_c2016
300 _a388 p.
650 _aESPIRITISMO
650 _aPSICOGRAFIA
650 _aROMANCE ESPÍRITA
909 _a202312
_bAna Lívia
942 _cBK
999 _c259857
_d259857